| 000 | 01292nam a22003617a 4500 | ||
|---|---|---|---|
| 003 | CHAP | ||
| 005 | 20220329143347.0 | ||
| 008 | 081216s2003 mx a r 00010 spa d | ||
| 010 | _a95500 | ||
| 011 | _a96472 | ||
| 020 | _a9703204988 | ||
| 035 | _a107126 | ||
| 040 | _cCHAP | ||
| 082 | 0 | 4 |
_a574.9 _bP43 |
| 245 | 0 | 4 |
_aUna perspectiva latinoamericana de la biogeografía _c/editado por Juan J. Morrone y Jorge Llorente Bousquets |
| 260 |
_aMéxico : _bUNAM. Facultad de Ciencias, _c2003 |
||
| 300 |
_avi, 307 p. : _bilus., gráfs., mapas, cuadros |
||
| 490 | 4 | _aLas prensas de ciencias | |
| 590 |
_aBATCH-UPD _b10 _c20130110 _lUCH01 _h0813 |
||
| 590 |
_aBATCH-UPD _b10 _c20130410 _lUCH01 _h0450 |
||
| 590 |
_aBATCH-UPD _b10 _c20130914 _lUCH01 _h0629 |
||
| 590 |
_aCONVERSION _b10 _c20130109 _lUCH01 _h1353 |
||
| 650 | 1 | 4 |
_aBiodiversidad. _912724 |
| 650 | 1 | 4 |
_aBiogeografía. _912741 |
| 650 | 1 | 4 |
_aEcología. _935134 |
| 700 | 0 |
_aLlorente Bousquets, Jorge _e, ed. _967289 |
|
| 700 | 1 |
_aMorrone, Juan J. _e, ed. _978926 |
|
| 830 | 4 |
_aLas prensas de ciencias _965007 |
|
| 901 | _aBK | ||
| 942 | _cLIBRO | ||
| 949 |
_a574.9 P43 _bBC _cLIBRO _d33724002078215 _eLIBRO _gI.c/e _h110101 _i107126 _sb _t$280.00 |
||
| 949 |
_a574.9 P43 _bBC _cLIBRO _d33724002078256 _eLIBRO _fc.2 _gI.c/e _h110102 _i107126 _si _t$280.00 |
||
| 999 |
_c95500 _d95500 |
||